Regionalism: Developmental Tensions in India : (Record no. 614773)

MARC details
000 -LEADER
fixed length control field 00440nam a2200169 a 4500
008 - FIXED-LENGTH DATA ELEMENTS--GENERAL INFORMATION
fixed length control field 260220s2003##################000#0#eng##
020 ## - INTERNATIONAL STANDARD BOOK NUMBER
ISBN 9788170201284
082 04 - DEWEY DECIMAL CLASSIFICATION NUMBER
Classification number 320.549
Item number MAJ
100 1# - MAIN ENTRY--AUTHOR NAME
Personal name Mazeed, A.,
245 10 - TITLE STATEMENT
Title Regionalism: Developmental Tensions in India :
260 ## - PUBLICATION, DISTRIBUTION, ETC. (IMPRINT)
Year of publication 2003.
942 ## - ADDED ENTRY ELEMENTS (KOHA)
Koha item type English Books
Holdings
Withdrawn status Lost status Damaged status Not for loan Home library Current library Shelving location Date acquired Full call number Accession Number Price effective from Koha item type
        Anna Centenary Library Anna Centenary Library 3RD FLOOR, B WING 20.02.2026 320.549 MAJ 395658 20.02.2026 English Books

Find us on the map